Wszyscy zwycięzcy wyścigu Formuły 1 w historii - Statystyki

Ogólne statystyki
  • Ten quiz został rozwiązany 103 razy
    26 od ostatniego zresetowania
  • Średni wynik to 42 z 116
Statystyki odpowiedzi
Narodowość Kierowca % Poprawnych
Hiszpania Fernando Alonso
100%
Niemcy Michael Schumacher
100%
Niemcy Ralf Schumacher
100%
Polska Robert Kubica
100%
Wielka Brytania Lewis Hamilton
96%
Niemcy Sebastian Vettel
91%
Finlandia Kimi Raikkonen
87%
Wielka Brytania Jenson Button
83%
Finlandia Keke Rosberg
83%
Holandia Max Verstappen
83%
Niemcy Nico Rosberg
83%
Brazylia Ayrton Senna
78%
Australia Daniel Ricciardo
78%
Finlandia Valtteri Bottas
78%
Francja Alain Prost
74%
Wielka Brytania George Russell
74%
Finlandia Mika Hakkinen
74%
Austria Niki Lauda
74%
Australia Oscar Piastri
74%
Włochy Andrea Kimi Antonelli
70%
Argentyna Juan Manuel Fangio
70%
Australia Mark Webber
70%
Hiszpania Carlos Sainz
65%
Monako Charles Leclerc
65%
Niemcy Jochen Mass
65%
Wielka Brytania Lando Norris
65%
Francja Pierre Gasly
65%
Meksyk Sergio Perez
65%
Brazylia Emerson Fittipaldi
61%
Wenezuela Pastor Maldonado
61%
Włochy Alberto Ascari
57%
Wielka Brytania Damon Hill
57%
Francja Esteban Ocon
57%
Wielka Brytania Graham Hill
57%
USA Phil Hill
57%
Brazylia Rubens Barrichello
57%
Brazylia Felipe Massa
52%
Włochy Giancarlo Fisichella
52%
Kanada Gilles Villeneuve
52%
Finlandia Heikki Kovalainen
52%
Kanada Jacques Villeneuve
52%
Włochy Jarno Trulli
52%
RPA Jody Scheckter
52%
Brazylia Nelson Piquet
52%
Wielka Brytania Jim Clark
48%
Kolumbia Juan Pablo Montoya
48%
Włochy Giuseppe Farina
43%
Wielka Brytania Jackie Stewart
43%
Australia Alan Jones
39%
Wielka Brytania David Coulthard
35%
Austria Gerhard Berger
35%
Francja Jean Alesi
35%
USA Mario Andretti
35%
Wielka Brytania Nigel Mansell
35%
Wielka Brytania Stirling Moss
35%
Niemcy Heinz-Harald Frentzen
30%
Australia Jack Brabham
30%
Austria Jochen Rindt
30%
Nowa Zelandia Bruce McLaren
26%
Nowa Zelandia Denny Hulme
26%
Wielka Brytania James Hunt
26%
Wielka Brytania Mike Hawthorn
26%
Włochy Riccardo Patrese
26%
Argentyna Carlos Reutemann
22%
Belgia Jacky Ickx
22%
Wielka Brytania John Surtees
22%
Francja Olivier Panis
22%
Szwecja Ronnie Peterson
22%
Wielka Brytania Eddie Irvine
17%
Włochy Michele Alboreto
17%
Meksyk Pedro Rodriguez
17%
Belgia Thierry Boutsen
17%
Brazylia Carlos Pace
13%
Francja Didier Pironi
13%
Francja Francois Cevert
13%
Francja Jean-Pierre Jabouille
13%
Wielka Brytania John Watson
13%
Argentyna Jose Froilan Gonzalez
13%
Szwajcaria Jo Siffert
13%
Francja Rene Arnoux
13%
Włochy Alessandro Nannini
9%
Szwajcaria Clay Regazzoni
9%
Włochy Giancarlo Baghetti
9%
Szwecja Gunnar Nilsson
9%
Wielka Brytania Innes Ireland
9%
Szwecja Jo Bonnier
9%
Wielka Brytania Johnny Herbert
9%
Włochy Lorenzo Bandini
9%
Włochy Luigi Musso
9%
Francja Maurice Trintignant
9%
Francja Patrick Depailler
9%
Francja Patrick Tambay
9%
USA Richie Ginther
9%
USA Troy Ruttman
9%
Niemcy Wolfgang von Trips
9%
USA Bill Vukovich
4%
USA Dan Gurney
4%
Włochy Elio de Angelis
4%
USA Lee Wallard
4%
Włochy Ludovico Scarfiotti
4%
Włochy Luigi Fagioli
4%
Wielka Brytania Peter Collins
4%
Włochy Piero Taruffi
4%
USA Sam Hanks
4%
Wielka Brytania Tony Brooks
4%
USA Bob Sweikert
0%
Francja Jacques Laffite
0%
Francja Jean-Pierre Beltoise
0%
USA Jimmy Bryan
0%
USA Jim Rathmann
0%
USA Johnnie Parsons
0%
USA Pat Flaherty
0%
Wielka Brytania Peter Gethin
0%
USA Peter Revson
0%
USA Rodger Ward
0%
Włochy Vittorio Brambilla
0%
Nie znaleziono quizów pasujących do podanych kryteriów
Rozkład punktacji
Procent ludzi z każdym wynikiem
Percentyl według liczby udzielonych odpowiedzi
Twoja historia wyników
Nie rozwiązałeś tego quizu od ostatniego zresetowania